| Registos Bibliográficos associados ao registo de autoridade |
|
Etiqueta de registo: 00000nam 2200025 450 001 2283512 003 http://id.bnportugal.gov.pt/bib/catbnp/2283512 100 ## $a20260402d2025 k y0pory01030103ba 101 0# $aeng$dpor 102 ## $aPT 105 ## $aa m 000yy 106 ## $ar 200 1# $aHigh-grade serous tubo-ovarian carcinoma$einsights from the Fallopian tube niche into pathogenesis and biommarkers identification$fRita Canário$gorient. Joana Paredes, Carla Bartosch, Manuel R. Teixeira 210 #9 $aPorto$c[s.n.],$d2025 215 ## $a227, [38] p.$cil.$d29 cm 328 #1 $aTese dout. Biologia Básica e Aplicada, Instituto de Ciências Biomédicas de Abel Salazar,
Faculdade de Medicina, Faculdade de Ciências, Universidade do Porto, 2025 675 ## $a575.21(043)$vBN$zpor$31229362 675 ## $a618.11-006(043)$vBN$zpor$3820302 700 #1 $aCanário,$bRita Patrícia Faria Dias$31994595 702 #1 $92$aParedes,$bJoana$4727$31880069 702 #1 $aBartosch,$bCarla$4727$31970628 702 #1 $aTeixeira,$bManuel António Rodrigues$4727$31245310 801 #0 $aPT$bBN$gRPC 966 ## $lBN$mFGMON$sS.A. 193912 V.$x1 971 ## $corlando$d20260402 972 ## $e0$z0$d20260525$vlrevez 973 ## $cigoulao$d20260519
|
|
|